The Artist's magazine

Detalles Bibliográficos
Formato: Electrónico Revista
Lenguaje:inglés
Publicado: Cincinnati, Ohio : Fletcher Art Services, c1983-
F+W Media, Inc.
Materias:
Acceso en línea:Full text available from Research Library: 07/01/1998 to 12/31/2001

MARC

LEADER 00000nas a2200000 a 4500
001 ssj0002687
003 WaSeSS
005 20200512172242.0
006 m d
007 cr n
008 831115c19849999ohumx p s 0 a0eng c
010 |a  89642385   |z sn 83003541  
022 |l 0741-3351  |y 0741-3351 
032 |a 724790  |b USPS 
035 |a (WaSeSS)ssj0002687 
037 |b The Artist's Magazine, P.O. Box 420235, Palm Coast, FL 32142-0235 
040 |a NSD  |b eng  |c NSD  |d NST  |d NSD  |d NST  |d DLC  |d NST  |d DLC  |d IUL  |d OCLCQ  |d CUV  |d U9S  |d OCLCQ  |d WAU  |d OCLCF  |d GRR  |d OCLCO  |d IPU  |d JPG  |d ZQP  |d OCLCO  |d WaSeSS 
042 |a pcc  |a nsdp 
050 0 0 |a N7430  |b .A734 
082 0 0 |a 702/.8  |2 20 
130 0 |a Artist's magazine (Cincinnati, Ohio) 
210 0 |a Artist's mag. 
222 4 |a The Artist's magazine 
245 1 4 |a The Artist's magazine  |h [electronic resource]. 
246 1 |i Issues for <July/August 2018>- have title:  |a Artists magazine 
260 |3 1984- [Cincinnati, Ohio :  |b Fletcher Art Services,  |c c1983- 
260 3 |3 <July/August 2018>- :  |a Cincinnati, Ohio :  |b F+W Media, Inc. 
310 |a Ten no. a year,  |b 2007- 
321 |a Nine no. a year,  |b 1984 
321 |a Monthly,  |b 1985-2006 
362 0 |a [Vol. 1, no. 1] (Jan. 1984)- 
500 |a Title from cover. 
500 |a Publisher varies: F & W Publications, Aug. 1986- 
506 |a License restrictions may limit access. 
515 |a Issue for Jan. 1984 called also "premiere issue." 
588 |a Latest issue consulted: Volume 35, issue 06 (July/August 2018). 
650 0 |a Art  |x Technique  |v Periodicals. 
650 6 |a Art  |x Technique  |v Périodiques. 
650 7 |a Art  |x Technique.  |2 fast  |0 (OCoLC)fst00815372 
655 0 |a Electronic journals. 
850 |a CU-SB  |a DLC  |a DeU  |a INS  |a IaAS  |a InU  |a MdU  |a NN 
856 4 0 |z Full text available from Research Library: 07/01/1998 to 12/31/2001  |u https://search.proquest.com/publication/36402